Curso de educación cívica

Spremljeno u:
Bibliografski detalji
Glavni autor: Rojas Jaime, Carlos (Autor)
Format: Knjiga
Jezik:španjolski
Izdano: Santiago Del Pacífico 1968
Teme:
Oznake: Dodaj oznaku
Bez oznaka, Budi prvi tko označuje ovaj zapis!

MARC

LEADER 00000nam a2200000 a 4500
001 UCH2679
003 CL-VaPUC
008 090624e19680000CL |||||||||||||||||spa|d
082 0 4 |a 372.832  |b ROJ  |2 21 
100 0 |a Rojas Jaime, Carlos  |e author  |9 537672 
245 1 0 |a Curso de educación cívica 
300 |a 166 p 
942 |c BK 
945 |d 20090624 00:00:00  |a rbrito 
260 |a Santiago  |b Del Pacífico  |c 1968 
650 0 |a Educación cívica  |9 314665 
650 0 |a Derecho constitucional   |9 222588 
650 0 |a Constitución política  |9 336925 
650 0 |a Ciudadanía  |9 258339 
583 |a last modification  |c 20131001 03:58:57  |k Rodrigo Vera 
999 |c 334395  |d 334393 
952 |0 0  |1 0  |4 0  |6 372_832000000000000_ROJ_1968  |7 0  |8 X  |9 423386  |a FDOBUD  |b FDOBUD  |d 2019-11-22  |i 4558294  |o 372.832 ROJ 1968  |p 4558294  |r 2019-11-22  |w 2019-11-22  |y BK_X  |k BUD